Pamphlets and politics in the Dutch Republic (Record no. 115104)
[ view plain ]
| 000 -LEADER | |
|---|---|
| fixed length control field | 02019nam a2200469 a 4500 |
| 082 04 - DEWEY DECIMAL CLASSIFICATION NUMBER | |
| Classification number | 949.2/04 |
| 245 00 - TITLE STATEMENT | |
| Title | Pamphlets and politics in the Dutch Republic |
| 260 ## - PUBLICATION, DISTRIBUTION, ETC. (IMPRINT) | |
| Place of publication | Leiden ; |
| -- | Boston : |
| Name of publisher | Brill, |
| Year of publication | 2011. |
| 300 ## - PHYSICAL DESCRIPTION | |
| Number of Pages | x, 261 p. : |
| Other physical details | ill. |
| 490 1# - SERIES STATEMENT | |
| Series statement | Library of the written word, |
| Series statement | The handpress world ; |
| 505 0# - FORMATTED CONTENTS NOTE | |
| Formatted contents note | pt. 1. The pamphlet and its function -- pt. 2. The pamphlet as an historical actor -- pt. 3. Public debate and the media. |
| 650 #0 - SUBJECT ADDED ENTRY--TOPICAL TERM | |
| Topical Term | Pamphlets |
| Topical Term | Pamphleteers |
| Topical Term | Political culture |
| 700 1# - ADDED ENTRY--PERSONAL NAME | |
| Personal name | Deen, Femke. |
| Personal name | Onnekink, David. |
| Personal name | Reinders, Michel, |
| 856 40 - ELECTRONIC LOCATION AND ACCESS | |
| Uniform Resource Identifier | http://site.ebrary.com/lib/rucke/Doc?id=10470516 |
No items available.
